000 00709nam a22001697a 4500
999 _c14868
_d14868
008 200123b ||||| |||| 00| 0 eng d
082 _22019
_aUT 1417
_bB12
100 _aBacalso, Justine Grace P.
_941268
245 _aBullying Cases Among Elementary Schools in Digos City:
_bA Trend Analysis From 2017 to 2019
_cJustine Grace P. Bacalso, Gladys Dyan Kristine Uy Fampulme & Dyan Nicole H. Mendez
260 _aDigos City
_bUMDC
_cDecember 2019
300 _a28 pages
_c30 cm
650 _aEducation
_vElementary
_xUndergraduate Thesis
_941161
700 _aBacalso, Justine Grace P.
_941269
700 _aFampulme,Gladys Dyan Kristine Uy
_941270
700 _aMendez, Dyan Nicole H.
_941271
942 _2ddc
_cUT